000 004450000a22001810004500
003 MACL
005 20150909141455.0
008 150909b xxu||||| |||| 00| 0 eng d
040 _aMACL
_cMACL
041 _aEnglish
082 _a821
100 _aBiswas, K.R.
_99578
245 _aSome Poems And songs
_bRabindranath Tagore
260 _bKumud Ranjan Biswas
_c2008
_aKolkata
350 _a250
650 _aPoetry
_99579
942 _cBK
_k821
_2ddc
999 _c8224
_d8224